|
|
|
|
| LEADER |
00000nam a22000007a 4500 |
| 005 |
20220404231913.0 |
| 007 |
cr|||| |||| |
| 008 |
220404s2021 co |||||s|||| 00||0 spa d |
| 020 |
|
|
|a 978-958-760-347-7
|
| 035 |
|
|
|a 36001
|
| 040 |
|
|
|a vLex
|
| 090 |
|
|
|c 13102
|d 13102
|
| 100 |
1 |
|
|a Caballero Parra, Fernanda
|
| 245 |
1 |
2 |
|a La pandemia de COVID-19 y los cambios en las condiciones de vida
|h [Recurso electrn̤ico] /
|c Fernanda Caballero Parra
|
| 256 |
|
|
|a Servicio en ln̕ea
|
| 260 |
|
|
|a Medelln̕:
|b Universidad Cooperativa de Colombia,
|c 2021
|
| 300 |
|
|
|a 1 recurso electrn̤ico
|
| 500 |
|
|
|a Nadie estaba preparado para enfrentar una pandemia en el mundo que conoca̕mos. Ha sido un escenario de ensayo y error, as ̕como de improvisacin̤ en el manejo de las polt̕icas dirigidas a mitigar sus efectos. La propagacin̤ del virus ha trad̕o consecuencias mucho ms̀ complejas y diversas que la afectacin̤ a la salud de la poblacin̤ mundial: la COVID-19 ha tenido impacto a nivel polt̕ico, econm̤ico, social, cultural y ambiental. En este libro, integrado por nueve capt̕ulos, escritos por diferentes investigadores dedicados a diveras r̀eas del conocimiento, se analizan algunos de los impactos que ha tenido la pandemia, especialmente, sobre las condiciones de vida. Con base en la salud, se esbozan posibles formas de tratamiento del virus, implementacin̤ de polt̕icas para su atencin̤ y prevencin̤, as ̕como se plantean posibles causas y consecuencias que acarrea la pandemia desde una perspectiva social de la enfermedad. A su vez, desde una dimensin̤ social, se plantea una posible recon
|g uracin̤ del espacio social y cultural, como tambiň la construccin̤ de “nuevas normalidades” en un escenario pospandm̌ico. Se habla de los cambios observados en el ser humano originados por la pandemia, de sus costumbres, rituales y nuevas formas de vida. Por l︢timo, se
|n aliza con el anl̀isis de cm̤o la COVID-19 ha afectado los procesos de institucionalizacin̤ de polt̕icas de gňero en la regin̤ y cm̤o favorece la segregacin̤ y la exclusin̤ de los sectores LGBTI en el manejo que se le ha venido dando a la pandemia.
|
| 506 |
1 |
|
|a Disponible solo en los productos indicados
|d vLex Global
|d vLex Global (Academic Edition, excluding Law Schools)
|d vLex Global (U.S. Academic Edition, Law Schools)
|d vLex Global (U.S. Academic Edition, excluding Law Schools)
|d vLex Global (Academic Edition, Law Schools)
|
| 650 |
0 |
4 |
|a Ciencia polt̕ica
|z Colombia
|
| 740 |
0 |
|
|a vLex Libros (Servicio en ln̕ea)
|
| 856 |
4 |
0 |
|u https://app.vlex.com/#/sources/36001
|z Acceso restringido
|
| 942 |
|
|
|c BOOK
|
| 999 |
0 |
|
|a Politic science
|